Ngoại giao Việt Nam 1945 -2000

保存先:
書誌詳細
フォーマット: 図書
出版事項: Hà Nội Chính trị Quốc gia 2005
版:Tái bản
主題:
タグ: タグ追加
タグなし, このレコードへの初めてのタグを付けませんか!
Thư viện lưu trữ: Trung tâm Học liệu Lê Vũ Hùng, Trường Đại học Đồng Tháp
LEADER 00704pam a22002298a 4500
001 00045945
005 20201109151121.0
008 170518s2005 ||||||Viesd
020 # # |c 40000 
041 0 # |a Vie 
082 1 4 |a 327.597  |b NG404GI 
245 1 0 |a Ngoại giao Việt Nam 1945 -2000 
250 # # |a Tái bản  |b Có chỉnh lý và bổ sung 
260 # # |a Hà Nội  |b Chính trị Quốc gia  |c 2005 
300 # # |a 542 tr.  |c 24 cm 
541 # # |a photo 
653 # # |a 1945 -2000 
653 # # |a Ngoại giao 
653 # # |a Việt Nam 
852 # # |j KM.0034527  |j KM.0034525  |j KM.0034526 
910 # # |d 09/11/2020 
980 # # |a Trung tâm Học liệu Lê Vũ Hùng, Trường Đại học Đồng Tháp